• 首页
  • 本馆介绍
  • 公告通知
  • 最新文献
  • 馆藏检索
  • 电子资源
  • 读者导购
  • 参考咨询
  • 我的图书馆
  • 登录
  • 详细信息显示
  • 放入我的书架
  • 预约/预借图书
  • 作者相关作品
  • 分类相关作品
  • 丛书相关作品
  • 出版社相关作品

书目信息

  • 表格格式
  • 工作单格式
  • 卡片格式
题名:
结构BIM应用教程
    
 
作者: 吴文勇 , 杨文生 , 焦柯 主编
分册:  
出版信息: 北京   化学工业出版社  2016.11
页数: 291页
开本: 26cm
丛书名:
单 册:
中图分类: TU311.41
科图分类:
主题词: 建筑设计--计算机辅助设计--应用软件--教材
电子资源:
ISBN: 978-7-122-27976-7
000 00973nam0 2200265 450
001 0400003174
005 20171021203031.0
010    @a978-7-122-27976-7@dCNY58.00
100    @a20161114d2016 em y0chiy50 ea
101 0  @achi
102    @aCN@b110000
105    @aa z 000yy
106    @ar
200 1  @a结构BIM应用教程@9jie gou BIM ying yong jiao cheng@f吴文勇,杨文生,焦柯主编
210    @a北京@c化学工业出版社@d2016.11
215    @a291页@c图@d26cm
300    @a广联达BIM系列教程
330    @a本书内容涵盖了结构BIM应用和教学的各个环节,主要介绍结构BIM的概念,柱、梁、板、墙的设计,框架和剪力墙结构的设计、算量和下料,结构设计参数的合理选取,Revit下结构BIM的建立,并附加了课程设计内容。
606 0  @a建筑设计@x计算机辅助设计@x应用软件@j教材
690    @aTU311.41@v5
701  0 @a吴文勇@9wu wen yong@4主编
701  0 @a杨文生@9yang wen sheng@4主编
701  0 @a焦柯@9jiao ke@4主编
801  0 @aCN@b91MARC@c20171021
905    @b1033441-5@dTU311.41@f5@e1169
    
    结构BIM应用教程/吴文勇,杨文生,焦柯主编.-北京:化学工业出版社,2016.11
    291页:图;26cm
    广联达BIM系列教程
    
    ISBN 978-7-122-27976-7:CNY58.00
    本书内容涵盖了结构BIM应用和教学的各个环节,主要介绍结构BIM的概念,柱、梁、板、墙的设计,框架和剪力墙结构的设计、算量和下料,结构设计参数的合理选取,Revit下结构BIM的建立,并附加了课程设计内容。
●
相关链接 在E读中查询图书 在五车中查询图书 在当当中查询图书 在豆瓣中查询图书


正题名:结构BIM应用教程     索取号:TU311.41/1169         预约/预借

序号 登录号 条形码 馆藏地/架位号 状态 备注
1 1033441   210334413   第二样本阅览室/ [索取号:TU311.41/1169] 在馆    
2 1033442   210334422   密集书库-生命科学系/ [索取号:TU311.41/1169] 在馆    
3 1033443   210334431   第三借阅区/ [索取号:TU311.41/1169] 在馆    
4 1033444   210334440   第三借阅区/ [索取号:TU311.41/1169] 在馆    
5 1033445   210334459   第三借阅区/ [索取号:TU311.41/1169] 在馆    
唐山师范学院图书馆 欢迎您!
大连网信软件有限公司© 版权所有